Foreign Policies of Selected African States

Stratégie zahraničnej politiky štyroch afrických štátov – Kene, Nigérie, Južnej Afriky a Mali na základe ich oficiálnych, alebo reprezentatívnych dokumentov o zahraničnej politike. Zdôraznenie afrických krajín, ako autonómnych aktérov, formujúcich ich vonkajšie angažovanosti, čo je aspekt, ktorý sa...

Descrizione completa

Salvato in:
Dettagli Bibliografici
Autore principale: Zagoršeková, Natália, 1991-
Natura: Capitolo di libro
Lingua:inglese
Soggetti:
Tags: Aggiungi Tag
Nessun Tag, puoi essere il primo ad aggiungerne!!

MARC

LEADER 00000naa$a2200000$$$4500
001 0312186
005 20250912100751.3
041 0 |a eng 
044 |a SK 
245 1 0 |a Foreign Policies of Selected African States  |c Natália Zagoršeková 
520 |a Stratégie zahraničnej politiky štyroch afrických štátov – Kene, Nigérie, Južnej Afriky a Mali na základe ich oficiálnych, alebo reprezentatívnych dokumentov o zahraničnej politike. Zdôraznenie afrických krajín, ako autonómnych aktérov, formujúcich ich vonkajšie angažovanosti, čo je aspekt, ktorý sa len zriedka skúma. 
610 2 0 |a Afrika 
610 2 0 |a politika zahraničná 
610 2 0 |a Európska únia 
610 2 0 |a Rusko 
610 2 0 |a Čína 
610 2 0 |a USA 
100 1 |a Zagoršeková, Natália, 1991-